Muse: Albums by Cover - Statistics

General Stats
  • This quiz has been taken 87 times
  • The average score is 8 of 9
Answer Stats
Picture Hint Answer % Correct
1999 Showbiz
96%
2001 Origin of Symmetry
93%
2003 Absolution
92%
2006 Black Holes and Revelations
86%
2015 Drones
85%
2009 The Resistance
85%
2012 The 2nd Law
82%
2022 Will of the People
82%
2018 Simulation Theory
78%
No matching quizzes found
Score Distribution
Percent of People with Each Score
Percentile by Number Answered
Your Score History
You have not taken this quiz